Statystyki dla 5 największych miast w Cyprze

Kliknij tutaj aby rozwiązać quiz!

Ogólne statystyki

  • Ten quiz został rozwiązany 72 razy
  • Średni wynik to 3 z 5

Statystyki odpowiedzi

Liczba mieszkańcówNazwa miasta% Poprawnych
245 900Nikozja
98%
86 400Larnaka
72%
184 600Limassol
63%
63 900Pafos
52%
58 525Strowolos
9%

Rozkład punktacji

Percentyl według liczby udzielonych odpowiedzi

Procent ludzi z każdym wynikiem

Twoja historia wyników

Nie rozwiązałeś tego quizu